banner-ar

ديوان بشار بن برد / (Record no. 7468)

MARC details
000 -الفاتح
حقل البيانات ثابتة الطول 00581nam a2200181Ia 4500
005 - وقت وتاريخ اخر تعامل مع التسجيلة
رقم الضبط 20240530095446.0
008 - عناصر البيانات ثابتة الطول - معلومات عامة
حقل البيانات ثابتة الطول 140319s9999 xx 000 0 ara d
040 ## - مصدر الفهرسة
وكالة الفهرسة الأصلية GCL /
وكالة النسخ GCL
082 04 - رقم تصنيف ديوى العشرى
رقم التصنيف 811.4
رقم المادة م د
100 1# - المدخل الرئيسى - إسم شخصى
الإسم الشخصى محمد الطاهر ابن عاشور
245 10 - بيان العنوان
العنوان ديوان بشار بن برد /
بيان المسئوليه,etc محمد الطاهر ابن عاشور
260 ## - PUBLICATION, DISTRIBUTION, ETC. (IMPRINT)
تاريخ النشر أو التوزيع 1976
300 ## - الوصف المادى
التعداد 278ص ؛
أبعاد الوعاء 24سم
650 04 - المدخل الاضافى بالموضوع-مصطلح موضوعى
مصطلح موضوعي الشعر
650 04 - المدخل الاضافى بالموضوع-مصطلح موضوعى
مصطلح موضوعي الشعر - دواوين و قصائد
942 ## - عناصر المدخل الإضافي( كوها)
مصدر التصنيف او مخطط الترفيف Dewey Decimal Classification
Koha [default] item type كتاب
260 ## - PUBLICATION, DISTRIBUTION, ETC. (IMPRINT)
-- تونس :
-- الشركة التونسية للتوزيع ،
Holdings
حالة التراجع حالة الفقد حالة تلف ليس للاعارة المكان المؤقت الموقع الحالى تاريخ الاكتساب اجمالي اﻻعارات رقم الطلب الباركود تاريخ اخر مشاهدة تاريخ تفعيل السعر نوع وعاء كوها مصدر التصنيف او خطة الترفيف
        مكتبة القاهرة الكبرى مكتبة القاهرة الكبرى 03/26/2014   811.4\ م د 15395 03/26/2014 03/26/2014 كتاب  
        مكتبة القاهرة الكبرى مكتبة القاهرة الكبرى 09/17/2022   811.4\م د 168471 09/17/2022 09/17/2022 كتاب ddc
        مكتبة القاهرة الكبرى مكتبة القاهرة الكبرى 09/17/2022   811.4\م د 168472 09/17/2022 09/17/2022 كتاب ddc
        مكتبة القاهرة الكبرى مكتبة القاهرة الكبرى 09/17/2022   811.4\م د 168473 09/17/2022 09/17/2022 كتاب ddc
        مكتبة القاهرة الكبرى مكتبة القاهرة الكبرى 09/17/2022   811.4\م د 168474 09/17/2022 09/17/2022 كتاب ddc

Powered By

EGPV